000 01359nam0a22002771 4500
001 rc\916464
005 20260406085032.0
035 _a(NLR Aleph) 006090786
090 _a5157545
_c5157545
100 _a20041129d1982 |||y0rusy50 ca
101 0 _arus
102 _aRU
105 _aa |||||||||
200 1 _aАвтоматизация процессов измерения температурных зависимостей параметров СВЧ диэлектрических материалов
_fВ.М. Балашов, В.Н. Красюк, В.К. Филин
210 _aЛ.
_cЛДНТП
_d1982
215 _a19 с.
_cграф.
_d21
225 1 _aСерия "Новое в конструировании и технологии производства радиоэлектронной аппаратуры"
_fЛенингр. дом науч.-техн. пропаганды
320 _aБиблиогр.: с. 18 (15 назв.)
700 1 _7ca
_8rus
_aБалашов
_bВ. М.
_cд-р техн. наук
_gВиктор Михайлович
_92651639
_3RU\NLR\AUTH\770279672
701 1 _aКрасюк
_bВ.Н.
_gВладимир Николаевич
701 1 _aФилин
_bВ.К.
_gВладимир Константинович
801 0 _aRU
_bNLR
_gpsbo
801 1 _aRU
_bELAR
_2rusmarc
852 _aNLR
_j82-6/4223
942 _cBOOK
980 _aNB